• 首页
  • 本馆介绍
  • 公告通知
  • 最新文献
  • 馆藏检索
  • 电子资源
  • 读者导购
  • 参考咨询
  • 我的图书馆
  • 登录
  • 详细信息显示
  • 放入我的书架
  • 预约/预借图书
  • 作者相关作品
  • 分类相关作品
  • 丛书相关作品
  • 出版社相关作品

书目信息

  • 表格格式
  • 工作单格式
  • 卡片格式
题名:
政府职能转变中非营利体育组织发展研究
    
 
作者: 王春雷, 著
分册:  
出版信息: 北京   中国纺织出版社  2018
页数: 192页
开本: 24cm
丛书名:
单 册:
中图分类: G812.1
科图分类:
主题词: 非营利组织--fei ying li zu zhi--体育组织--研究--中国
电子资源:
ISBN: 978-7-5180-4599-0
000 01153nam0 2200277 450
001 012001002757
005 20131030155900.0
010    @a978-7-5180-4599-0@dCNY61.00
099    @aCAL 012018107900
100    @a20180727d2018 em y0chiy50 ea
101 0  @achi
102    @aCN@b110000
105    @aak a 000yy
106    @ar
200 1  @a政府职能转变中非营利体育组织发展研究@Azheng fu zhi neng zhuan bian zhong fei ying li ti yu zu zhi fa zhan yan jiu@f王春雷著
210    @a北京@c中国纺织出版社@d2018
215    @a192页@c图@d24cm
300    @a河北省社会科学基金项目 (项目编号: HB15TY005)
314    @a王春雷, 1975年11月出生, 河北新乐人。现任教于邢台学院体育学院, 副教授。
320    @a有书目 (第181-184页)
330    @a本书上下两篇, 上篇对我国群众体育工作、政府职能转变中群众体育发展、群众体育文化创新等问题进行分析 ; 下篇对非营利组织进行了基本探讨, 重点对欧美国家、港澳地区和我国的非营利组织产生的社会背景和思想基础进行讨论等。
606 0  @a非营利组织@Afei ying li zu zhi@x体育组织@x研究@y中国
690    @aG812.1@v5
701  0 @a王春雷,@Awang chun lei@f1975-@4著
801    @b江苏凤凰@c20191020
905    @b1230484-9@dG812.1@e119@f6
    
    政府职能转变中非营利体育组织发展研究/王春雷著.-北京:中国纺织出版社,2018
    192页:图;24cm
    河北省社会科学基金项目 (项目编号: HB15TY005)
    
    ISBN 978-7-5180-4599-0:CNY61.00
    本书上下两篇, 上篇对我国群众体育工作、政府职能转变中群众体育发展、群众体育文化创新等问题进行分析 ; 下篇对非营利组织进行了基本探讨, 重点对欧美国家、港澳地区和我国的非营利组织产生的社会背景和思想基础进行讨论等。
●
相关链接 在E读中查询图书 在五车中查询图书 在当当中查询图书 在豆瓣中查询图书


正题名:政府职能转变中非营利体育组织发展研究     索取号:G812.1/119         预约/预借

序号 登录号 条形码 馆藏地/架位号 状态 备注
1 1230484   212304843   第一样本阅览室/ [索取号:G812.1/119] 在馆    
2 1230485   212304852   教育系资料室/ [索取号:G812.1/119] 在馆    
3 1230486   212304861   教育系资料室/ [索取号:G812.1/119] 在馆    
4 1230487   212304870   教育系资料室/ [索取号:G812.1/119] 在馆    
5 1230488   212304889   第四借阅区/ [索取号:G812.1/119] 在馆    
6 1230489   212304898   第四借阅区/ [索取号:G812.1/119] 在馆    
唐山师范学院图书馆 欢迎您!
大连网信软件有限公司© 版权所有